1. Liga Polska 2015/16 - loga klubów - Statystyki

Ogólne statystyki
  • Ten quiz został rozwiązany 84 razy
  • Średni wynik to 14 z 18
Statystyki odpowiedzi
Obrazkowy Odpowiedź % Poprawnych
Arka Gdynia
100%
Wisła Płock
100%
GKS Katowice
97%
Miedź Legnica
93%
Zagłębie Sosnowiec
93%
Zawisza Bydgoszcz
92%
Chrobry Głogów
85%
Pogoń Siedlce
84%
Chojniczanka
81%
GKS Bełchatów
79%
Stomil Olsztyn
79%
Olimpia Grudziądz
71%
Sandecja Nowy Sącz
71%
Wigry Suwałki
70%
Bytovia Bytów
55%
MKS Kluczbork
48%
Rozwój Katowice
37%
Dolcan Ząbki
32%
Nie znaleziono quizów pasujących do podanych kryteriów
Rozkład punktacji
Procent ludzi z każdym wynikiem
Percentyl według liczby udzielonych odpowiedzi
Twoja historia wyników
Nie rozwiązałeś tego quizu